| 000 | 00564nam a22002057a 4500 | ||
|---|---|---|---|
| 003 | OSt | ||
| 005 | 20160517151952.0 | ||
| 008 | 160517b xxu||||| |||| 00| 0 eng d | ||
| 020 | _a044303896 | ||
| 040 | _cDLMN. | ||
| 082 | _aQS604S53b 1984. | ||
| 100 |
_aSmith,C.P.Wendell; Williams,P.L;Treadgold,sylvia. _98850 |
||
| 245 | _aBasic Human Embryology. | ||
| 250 | _a3rd ed. | ||
| 260 |
_aUK. _bChurchill Livingstone. _c1984. |
||
| 300 |
_a176p; _bcol,ill; _c26cm. |
||
| 504 | _aappendix and index are included. | ||
| 650 |
_aBiology. _95602 |
||
| 942 |
_2z _cO_SHELF |
||
| 999 |
_c4081 _d4081 |
||